000 00577nam a22001817a 4500
005 20231123065441.0
008 231123b |||||||| |||| 00| 0 eng d
020 _a0702155861
041 _aEnglish
082 _a342 HOE
100 _aHoexter, C and Lyster, R
_lEnglish
245 _aThe New Constitutional and Administrative Law /
_cC Hoexter and R Lyster
250 _aFirst Edition
260 _aCape Town :
_bJuta and Company Ltd,
_c2002
300 _bxxiv, 335 pages ;
_c25,5 cm.
650 _aLegal practice
_bLaw
942 _cBK
_6ALISON_BN_VRIES
999 _c867
_d867